| 000 | 00706nam a2200253 a 4500 | ||
|---|---|---|---|
| 001 | adlib96000001 | ||
| 003 | ViArRB | ||
| 005 | 200902210153555.7 | ||
| 008 | 960221s1955 dcuabcdjdbkoqu001 0deng d | ||
| 020 | _a | ||
| 022 | _a | ||
| 040 | _aAdlib | ||
| 082 | _aFM | ||
| 245 | _aKettuvo aa nilavili | ||
| 250 | _a | ||
| 260 |
_aKottayam _bSahitya Pravarthaka Co-operative Society Ltd. _c1998 |
||
| 300 |
_a154p. _c |
||
| 500 | _a | ||
| 100 |
_aSethumadhavan, Mundoor _e |
||
| 700 |
_a _a |
||
| 942 | _cBK | ||
| 653 |
_alila _aAlkuttam _aFM _aFiction - Malayalam Literature |
||
| 952 |
_w2010-06-16 _p00046711 _r2012-10-04 _40 _00 _bUL _10 _oFM SET/KE _d2010-06-16 _70 _yBK _s2012-09-11 _l2 _aUL |
||
| 999 |
_c42322 _d42321 |
||